| 000 | 00825nas a2200253 4500 | ||
|---|---|---|---|
| 001 | BR7700215 | ||
| 003 | BR-BrBNA | ||
| 005 | 20231205083035.0 | ||
| 007 | ta | ||
| 008 | 230509b bl.|||p| |||| 00| 00por d | ||
| 040 |
_aBR-BrBNA _bpor _cBiblioteca Nacional de Agricultura |
||
| 041 | _a(Pt) | ||
| 072 | _aL72 | ||
| 100 | 1 | _aLima, J.D. | |
| 100 | 1 | _aBiondini, J. | |
| 100 | 1 | _aReis, R. | |
| 245 | 1 | _aBabesiose causada por Babesia caballi (Nuttal Strickland, 1910)em um equino da raca Postier em Minas Gerais, Brasil | |
| 650 | _aBABESIOSE | ||
| 650 | _aEQUINO | ||
| 650 | _aCONTROLE QUIMICO | ||
| 773 | 0 |
_tArquivos da Escola de Veterinaria da Universidade Federal de Minas Gerais (Brazil) _xISSN 0365-8384 _g(1976), v. 28(1) p. 87-92 _wBR7700215 |
|
| 909 |
_a202311 _bLúcia _c55 _dLúcia Elande |
||
| 942 |
_2AGRIS _n0 _cANA |
||
| 999 |
_c95957 _d95957 |
||